000
00301nam a2200121Ia 4500
005
20260328104255.0
008
260328s9999||||xx |||||||||||||| ||und||
100
_a
Mildred, Friedman
245
0
_a
De STIJL :
_b
1917-1931 /
_c
Friedman Mildred
260
_b
Taschen
650
_a
FOTOGRAFÍA
942
_c
BK
999
_c
10406
_d
10406